Wordless rhetoric musical form and the metaphor of the oration

Saved in:
Bibliographic Details
Main Author: BONDS, Mark Evan
Format: Book
Language:English
Published: Havard University Press 1991
Tags: Add Tag
No Tags, Be the first to tag this record!

MARC

LEADER 00000nam a22000007a 4500
008 230221b |||||||| |||| 00| 0 eng d
020 |a 0674956028 
100 |a BONDS, Mark Evan 
245 |a Wordless rhetoric  |b musical form and the metaphor of the oration   |c Mark Evan Bond  |e Studies in the history of music (Cambridge mass)  |f 4  |g 237 p 
260 |b Havard University Press  |c 1991  |h Cambridge, U.S.A.  |i 699756  |i 699757  |l ML3845 .B64  |m Music-Philosophy and aesthetics  |m Musical form 
500 |a Includes bibliographical references and index. 
942 |a lcc  |c BK  |e Johnson  |f 21/02/23 
952 |0 0  |1 0  |2 lcc  |4 0  |6 ML3845 B64  |7 0  |9 4203  |a ART  |b HOL  |c LP  |d 2023-02-21  |l 0  |o ML3845 .B64  |p 2023-0133  |r 2023-02-21 00:00:00  |t 699756  |w 2023-02-21  |y BK 
952 |0 0  |1 0  |2 lcc  |4 0  |6 ML3845 B64  |7 0  |9 4204  |a HOL  |b HOL  |c LP  |d 2023-02-21  |l 0  |o ML3845 .B64  |p 2023-0134  |r 2023-02-21 00:00:00  |t 699757  |w 2023-02-21  |y BK 
999 |c 2106  |d 2106